Alea, dívka moře. Poselství deště /
Další díl plný dobrodružství, výjimečného přátelství a tajemství ukrytého v hlubinách moře.
Uloženo v:
| Série: | Alea, dívka moře,
část 5 |
|---|---|
| Hlavní autor: | |
| Další autoři: | |
| Médium: | E-kniha |
| Jazyk: | Czech |
| Vydáno: |
V Praze :
Fragment,
2020
|
| Vydání: | 1. vydání |
| Témata: | |
| Příbuzné jednotky: | Z cyklu::
Alea, dívka moře |
| Tagy: |
Žádné tagy |
| LEADER | 02753nam a2200529 i 4500 | ||
|---|---|---|---|
| 001 | 311225 | ||
| 003 | CZ PrSKC | ||
| 005 | 20260601215701.0 | ||
| 007 | ta | ||
| 008 | 200902s2020 xr a c 000 f czeo | ||
| 015 | |a cnb003245059 | ||
| 020 | |a 9788025348062 |q (vázáno) : |c Kč 349,00 | ||
| 035 | |a (OCoLC)1204254233 | ||
| 040 | |a ABG001 |b cze |d ABA001 |e rda | ||
| 041 | 1 | |a cze |h ger | |
| 072 | 7 | |a 821.112.2-3 |x Německá próza, německy psaná |2 Konspekt | |
| 072 | 7 | |a 821-93 |x Literatura pro děti a mládež (beletrie) |2 Konspekt | |
| 080 | |a 821.112.2-31 |2 MRF | ||
| 080 | |a 821-93 |2 MRF | ||
| 080 | |a (0:82-311.3) |2 MRF | ||
| 100 | 1 | |a Stewner, Tanya, |d 1974- |7 mzk2014804936 |4 aut | |
| 240 | 1 | 0 | |a Botschaft des Regens. |l Česky |
| 245 | 1 | 0 | |a Alea, dívka moře. |p Poselství deště / |c Tanya Stewnerová ; z německého originálu Alea Aquarius 5 - Die Botschaft des Regens ... přeložila Lucie Simonová |
| 246 | 3 | 0 | |a Poselství deště |
| 250 | |a 1. vydání | ||
| 264 | 1 | |a V Praze : |b Fragment, |c 2020 | |
| 300 | |a 439 stran ; |c 22 cm | ||
| 336 | |a text |b txt |2 rdacontent | ||
| 337 | |a bez média |b n |2 rdamedia | ||
| 338 | |a svazek |b nc |2 rdacarrier | ||
| 520 | 2 | |a Další díl plný dobrodružství, výjimečného přátelství a tajemství ukrytého v hlubinách moře. |b Alea zná konečně pravdu - její matka Nelani žije. Dívka doufá, že by od ní mohla získat důležité informace o mořských lidech, ale také o svém dvojčeti Anthee. Posádka Alfa cru tedy dělá všechno pro to, aby se s Nelani setkala co nejdříve. Plavbu jim stále komplikuje nejen doktor Orion, ale i nejistota. Na čí straně doopravdy stojí princ Vodních panen Cassaras a jaká další tajemství ještě skrývá? Nakladatelská anotace. | |
| 521 | 8 | |a Pro čtenáře od 10 let | |
| 655 | 7 | |a německé romány |7 fd132945 |2 czenas | |
| 655 | 7 | |a dobrodružné romány |7 fd132061 |2 czenas | |
| 655 | 7 | |a publikace pro děti |7 fd133156 |2 czenas | |
| 655 | 9 | |a German fiction |2 eczenas | |
| 655 | 9 | |a adventure novels |2 eczenas | |
| 655 | 9 | |a children's literature |2 eczenas | |
| 700 | 1 | |a Simonová, Lucie |7 ola2004235537 |4 trl | |
| 765 | 1 | |t Alea Aquarius | |
| 787 | 0 | 8 | |i Z cyklu: |t Alea, dívka moře |g 5 |
| 900 | |a ABA001 |b 21 | ||
| 928 | 9 | |a Albatros Media - Fragment | |
| 044 | |a xr | ||
| 910 | |a RBIT002 | ||
| 998 | |d 208480 |a https://core.palmknihy.cz/api/books/208480/cover?si6ec7 |b https://core.palmknihy.cz/api/books/208480/cover/400?si6ec7 |c https://core.palmknihy.cz/api/books/208480/cover/50?si6ec7 |e 2030-03-08 |g 440 |i 9788025348062 |j https://core.palmknihy.cz/api/books/208480/preview.epub |k https://core.palmknihy.cz/api/books/208480/preview.pdf |l |q 49 |r 1 |s https://www.palmknihy.cz/kniha/208480 |t ebook |y 2020 |z 0 |v Alea, dívka moře |w 5 | ||
| 999 | |d 311223 | ||